Southville International School and Colleges
Your cart is empty.
  • Cart
  • Lists
    Public lists Eva Luna New books Lux_list list_1
    Your lists Log in to create your own lists
  • Log in to your account
  • Your cookies
  • Search history
Southville International School and Colleges
  • Advanced search
  • Recent comments
  • Most popular
  • Libraries

Log in to your account

Log in with GOOGLE


If you do not have an external account, but do have a local account, you can still log in:

  1. Home
  2. MARC view: Perfect poems, Grades 5-6 :
Normal view MARC view ISBD view

Perfect poems, Grades 5-6 : (Record no. 113074)

[ view plain ]
MARC details
000 -LEADER
fixed length control field 00616nam a2200169 a 4500
001 - CONTROL NUMBER
control field 2988
005 - DATE AND TIME OF LATEST TRANSACTION
control field 20140414132001.0
008 - FIXED-LENGTH DATA ELEMENTS--GENERAL INFORMATION
fixed length control field 060103s19uu xx 00 eng d
020 ## - INTERNATIONAL STANDARD BOOK NUMBER
International Standard Book Number 0-439-56021-7
050 ## - LIBRARY OF CONGRESS CALL NUMBER
Classification number TR 372.4
Item number Pe41 2004
245 ## - TITLE STATEMENT
Title Perfect poems, Grades 5-6 :
Remainder of title with strategies for building fluency.
260 ## - PUBLICATION, DISTRIBUTION, ETC. (IMPRINT)
Place of publication, distribution, etc New York :
Name of publisher, distributor, etc Scholastic Teaching Resources,
Date of publication, distribution, etc 2004.
300 ## - PHYSICAL DESCRIPTION
Extent 72 p. ; ill.
520 ## - SUMMARY, ETC.
Summary, etc Easy-to-read peoms with effective strategies to help students buiild word recognition, fluency, and comprehension.
650 ## - SUBJECT ADDED ENTRY--TOPICAL TERM
Topical term or geographic name as entry element Reading
General subdivision English language
-- Juvenile literature
Holdings
Withdrawn status Lost status Damaged status Use restrictions Home library Current library Shelving location Date acquired Source of acquisition Cost, normal purchase price Total Checkouts Full call number Barcode Date last seen Price effective from Koha item type
        Munich Library Munich Library Teachers Reference Section 01/03/2006   295.00   TR 372.4 Pe41 2004 M4553 04/14/2014 04/14/2014 Books

Perfect poems, Grades 5-6 :

APA

(2004). Perfect poems, Grades 5-6. New York: Scholastic Teaching Resources.

Chicago

2004. Perfect poems, Grades 5-6. New York: Scholastic Teaching Resources.

Harvard

(2004). Perfect poems, Grades 5-6. New York: Scholastic Teaching Resources.

MLA

Perfect poems, Grades 5-6. New York: Scholastic Teaching Resources. 2004.

  • Place hold
  • Print
  • Cite
  • Add to your cart (remove)
  • Save record
    BIBTEX Dublin Core MARCXML MARC (non-Unicode/MARC-8) MARC (Unicode/UTF-8) MARC (Unicode/UTF-8, Standard) MODS (XML) RIS
  • More searches
    Search for this title in:
    Other Libraries (WorldCat) Other Databases (Google Scholar) Online Stores (Bookfinder.com) Open Library (openlibrary.org)

Exporting to Dublin Core...

SOUTHVILLE LIBRARY

Southville International School and Colleges Library

1281 Tropical Ave. Cor. Luxembourg St., BF Homes International, Las Pinas City

Tel. No. 8256374 / 252358 Loc. 117/146

Powered by Koha